MARC details
| 000 -CABECERA |
| campo de control de longitud fija |
02976nam a2200385 i 4500 |
| 001 - NÚMERO DE CONTROL |
| campo de control |
000048530 |
| 003 - IDENTIFICADOR DEL NÚMERO DE CONTROL |
| campo de control |
DO-SdBNP |
| 005 - FECHA Y HORA DE LA ÚLTIMA TRANSACCIÓN |
| campo de control |
20250916081730.0 |
| 007 - CAMPO FIJO DE DESCRIPCIÓN FÍSICA--INFORMACIÓN GENERAL |
| campo de control de longitud fija |
ta |
| 008 - DATOS DE LONGITUD FIJA--INFORMACIÓN GENERAL |
| campo de control de longitud fija |
190328s2017 dr abc 001 0 spa d |
| 020 ## - NÚMERO INTERNACIONAL ESTÁNDAR DEL LIBRO |
| Número Internacional Estándar del Libro |
9789945891799 |
| 040 ## - FUENTE DE LA CATALOGACIÓN |
| Centro catalogador/agencia de origen |
DO-SdBNP |
| Lengua de catalogación |
spa |
| Centro/agencia transcriptor |
BNP |
| Normas de descripción |
rda |
| 041 ## - CÓDIGO DE LENGUA |
| Código de lengua del texto/banda sonora o título independiente |
spa |
| 082 ## - NÚMERO DE LA CLASIFICACIÓN DECIMAL DEWEY |
| Número de clasificación |
xxxx |
| Número de documento/Ítem |
S471i |
| Número de edición |
22 |
| 111 1# - ENTRADA PRINCIPAL--NOMBRE DE CONGRESO/REUNIÓN |
| Nombre de congreso/reunión o jurisdicción como elemento de entrada |
Seminario Internacional : Sistemas y Experiencias de Acreditación en Estados Unidos, Suramérica, Centroamérica, Europa y la República Dominicana |
| Fecha del congreso/reunión |
(2016 : 29 y 30 de noviembre. |
| Sede del congreso/Lugar de la reunión |
Santo Domingo, D. N. República Dominicana) |
| 9 (RLIN) |
75981 |
| 245 10 - MENCIÓN DE TÍTULO |
| Título |
Seminario internacional : |
| Resto del título |
sistemas y experiencias de acreditación en Estados Unidos, Suramérica, Centroamérica, Europa y la República Dominicana / |
| Mención de responsabilidad, etc. |
expositores, Herman Bounds, María José Lemaitre, Esteban Arias Monge, Miguel Zabalza Beraza, José Eduardo López Pereira y otros dos |
| 264 #1 - PRODUCCIÓN, PUBLICACIÓN, DISTRIBUCIÓN, FABRICACIÓN Y COPYRIGHT |
| Producción, publicación, distribución, fabricación y copyright |
Santo Domingo : |
| Nombre del de productor, editor, distribuidor, fabricante |
MESCYT, |
| Fecha de producción, publicación, distribución, fabricación o copyright |
2017. |
| 300 ## - DESCRIPCIÓN FÍSICA |
| Extensión |
352 páginas : |
| Otras características físicas |
ilustraciones, mapas, retratos ; |
| Dimensiones |
23 cm. |
| 336 ## - TIPO DE CONTENIDO |
| Término de tipo de contenido |
texto |
| Código de tipo de contenido |
txt |
| Fuente |
rdacontent |
| 337 ## - TIPO DE MEDIO |
| Nombre/término del tipo de medio |
sin mediación |
| Código del tipo de medio |
n |
| Fuente |
rdamedia |
| 338 ## - TIPO DE SOPORTE |
| Nombre/término del tipo de soporte |
volumen |
| Código del tipo de soporte |
nc |
| Fuente |
rdacarrier |
| 504 ## - NOTA DE BIBLIOGRAFÍA, ETC. |
| Nota de bibliografía, etc. |
Bibliografía : p. 348 |
| 505 0# - NOTA DE CONTENIDO CON FORMATO |
| Nota de contenido con formato |
Presentación -- |
| Título |
Introducción -- |
| -- |
Discurso de la ministra / |
| Mención de responsabilidad |
Dra. Alejandrina German |
| Título |
Guidelines for preparing / Reviewing and compliance reports, In accordance with 34 CFR Part 602. The Secretary's Recognition of Accrediting Agencies. For Use During the 2012 Review Cycle / |
| Mención de responsabilidad |
Hernan Bounds -- |
| Título |
Aseguramiento de la calidad en América Latina: Estado actual y desafíos para el futuro / |
| Mención de responsabilidad |
María José Lemaitre -- |
| Título |
Acreditación y gestión de la calidad de la educación superior en Centroamérica: algunos tópicos sobre la historia y su desarrollo / |
| Mención de responsabilidad |
Esteban Arias Monge -- |
| Título |
Sistemas de aseguramiento externo de la calidad de las instituciones de educación superior: una reflexión desde Europa / |
| Mención de responsabilidad |
Miguel Ángel Zabalza Berazo -- |
| Título |
Sistema de acreditación de títulos universitarios por la ACSUG ( Agencia para la Calidad del Sistema Universitario de Gacia, España) / |
| Mención de responsabilidad |
José Eduardo López Pereira -- |
| Título |
La experiencia dominicana sobre acreditación universitaria: el caso de la Asociación Dominicana Para El Autoestudio Y La Acreditación (ADAAC) / |
| Mención de responsabilidad |
Radhames Mejía -- |
| Título |
Síntesis de aspectos clave de modelos y experiencias por cada región representada / |
| Mención de responsabilidad |
Roberto Reyna -- |
| Título |
Anexo I --. |
| 590 ## - NOTA LOCAL (RLIN) |
| Nota local |
Inventariado, 2019/LP |
| 700 1# - PUNTO DE ACCESO ADICIONAL--NOMBRE DE PERSONA |
| Nombre de persona |
Bounds, Hernan |
| Término indicativo de función/relación |
expositor |
| Código de función/relación |
ex. |
| 9 (RLIN) |
75983 |
| 700 1# - PUNTO DE ACCESO ADICIONAL--NOMBRE DE PERSONA |
| Nombre de persona |
Lemaitre, María José |
| Término indicativo de función/relación |
expositor |
| Código de función/relación |
ex. |
| 9 (RLIN) |
75984 |
| 700 1# - PUNTO DE ACCESO ADICIONAL--NOMBRE DE PERSONA |
| Nombre de persona |
Arias Monge, Esteban |
| Término indicativo de función/relación |
expositor |
| Código de función/relación |
ex. |
| 9 (RLIN) |
75985 |
| 700 1# - PUNTO DE ACCESO ADICIONAL--NOMBRE DE PERSONA |
| Nombre de persona |
Zabalza Beraza, José Eduardo |
| Término indicativo de función/relación |
expositor |
| Código de función/relación |
ex. |
| 9 (RLIN) |
75986 |
| 700 1# - PUNTO DE ACCESO ADICIONAL--NOMBRE DE PERSONA |
| Nombre de persona |
López Pereira, José Eduardo |
| Término indicativo de función/relación |
expositor |
| Código de función/relación |
ex. |
| 9 (RLIN) |
75987 |
| 700 1# - PUNTO DE ACCESO ADICIONAL--NOMBRE DE PERSONA |
| Nombre de persona |
Mejía, Radhames |
| Término indicativo de función/relación |
expositor |
| Código de función/relación |
ex. |
| 9 (RLIN) |
6414 |
| 700 1# - PUNTO DE ACCESO ADICIONAL--NOMBRE DE PERSONA |
| Nombre de persona |
Reyna, Roberto |
| Término indicativo de función/relación |
expositor |
| Código de función/relación |
ex. |
| 9 (RLIN) |
72953 |
| 710 1# - PUNTO DE ACCESO ADICIONAL--NOMBRE DE ENTIDAD CORPORATIVA |
| Nombre de entidad corporativa o nombre de jurisdicción como elemento de entrada |
República Dominicana. |
| Unidad subordinada |
Ministerio de Educación Superior, Ciencia y Tecnología |
| 9 (RLIN) |
72559 |
| 910 ## - DATOS DE OPCIÓN DEL USUARIO (OCLC) |
| Datos de opción del usuario |
Lopérez |
| 942 ## - ELEMENTOS DE PUNTO DE ACCESO ADICIONAL (KOHA) |
| Fuente del sistema de clasificación o colocación |
Dewey Decimal Classification |
| Tipo de ítem Koha |
Libro |